000 00664cam a2200205 4500500
005 20260329005141.0
041 _afre
042 _adc
100 1 0 _aDurand, Jean-Marie
_eauthor
245 0 0 _aL’Effondrement (et après) expliqué à nos enfants... et à nos parents
260 _c2022.
500 _a48
690 _aClimat
690 _aCollapsologie
690 _aEffondrement
690 _aPablo Servigne
690 _aPhilosopher avec les enfants
786 0 _nPhilosophie magazine | 162 | 9 | 2022-09-01 | p. 63-63 | 1951-1787
856 4 1 _uhttps://shs.cairn.info/magazine-philosophie-magazine-2022-9-page-63?lang=fr&redirect-ssocas=7080
999 _c1840765
_d1840765